| 000 | 00497nam a22001577a 4500 | ||
|---|---|---|---|
| 005 | 20251126101639.0 | ||
| 008 | 251126b |||||||| |||| 00| 0 eng d | ||
| 020 | _a979-8-88715-078-9 | ||
| 100 | _aBROWN, REBECCA | ||
| 245 | _aCRIMINALOGICAL PSYCHOLOGY | ||
| 260 |
_aDUBLIN _bORYSON _c2023 |
||
| 300 | _aVIII, 262P. | ||
| 500 | _aINCLUDES INDEX | ||
| 650 | _a1. CRIMINAL PSYCHOLOGY 2. CRIMINOLOGY 3. CRIME -PSYCHOLOGICAL ASPECTS 4. CRIMINAL BEHAVIOUR -PSYCHOLOGICAL ASPECTS | ||
| 942 |
_2lcc _cBK |
||
| 999 |
_c216288 _d216288 |
||